| 000 | 01294cam a2200289 i 4500 | ||
|---|---|---|---|
| 003 | SA-RiAUC | ||
| 005 | 20250122090620.0 | ||
| 008 | 250121s1986 ua g 00000 ara c | ||
| 040 |
_aSA-JeALM _bara _cSA-RiAUC _erda |
||
| 043 | _aar----- | ||
| 082 | 0 | 4 | _a962.031 |
| 090 |
_a962.031 _bع ب د |
||
| 100 | 1 |
_aعبد الرحيم، عبد الرحيم عبد الرحمن، _d1936-2005 _eمؤلف. |
|
| 245 | 1 | 0 |
_aمحمد علي وشبه الجزيرة العربية 1234-1256 هـ. / 1819-1840 م. / _cعبد الرحيم عبد الرحمن عبد الرحيم. |
| 250 | _aالطبعة الثانية. | ||
| 264 | 1 |
_aالقاهرة : _bدار الكتاب الجامعي، _c1986 |
|
| 300 |
_aمجلد ؛ _c24 سم. |
||
| 336 |
_aنص _btxt _2rdacontent _3كتاب |
||
| 337 |
_aبدون وسيط _bn _2rdamedia |
||
| 338 |
_aمجلد _bnc _2rdacarrier |
||
| 490 | 0 | _aمن تاريخ شبه الجزيرة العربية في العصر الحديث | |
| 600 | 0 | 7 |
_aمحمد علي، _cباشا، _d1184-1265 هجري _2aucnm |
| 651 | 7 |
_aشبه الجزيرة العربية _xتاريخ _yالحكم العثماني، 1516-1920 _2aucsh |
|
| 651 | 7 |
_aشبه الجزيرة العربية _xتاريخ _yقرن 19 _2aucsh |
|
| 942 |
_2ddc _cBOOK _n0 |
||
| 949 |
_aSA-JeALM _d250121 _uosman123 _n1 |
||
| 999 |
_c5102 _d5102 |
||